000
00426nam a2200145Ia 4500
008
090124s9999 xx 000 0 und d
082
_b
48
245
_a
फळझाडांची लागवड
250
_a
0
260
_b
उदयम प्रकाशन
_c
1970
300
_a
163
630
_a
फळझाडांची लागवड
730
_a
फळझाडांची लागवड
942
_c
BOOK
999
_c
81516
_d
81516